000 00814nam a2200217 i 4500
001 32865
003 ES-MaACL
005 20230906154642.0
007 t|
008 030131s1914 cu ||||1| spa d
100 1 _aBermúdez, Alejandro.
_928125
245 1 0 _aCuba y Panamá :
_bconferencia dada el 3 de mayo de 1914 en el Gran Teatro Polyteama de la Habana /
_cpor el ingeniero Alejandro Bermúdez.
260 _aHabana :
_b[s.n.],
_c1914 (
_fImp. Cubana)
300 _a40 p. ;
_c23 cm.
530 _aDisponible en formato digital.
651 4 _aCuba-
_xHistoria-
_y1902-1933.
_9155981
651 4 _aCuba-
_xRelaciones-
_zPanamá.
_9155982
651 4 _aCanal de Panamá.
_97941
852 _aES-MaACL
_jT-1412-F-10
856 _uhttp://bdh-rd.bne.es/viewer.vm?id=0000105731&page=1
_zBiblioteca Digital Hispánica
999 _c32865
_d32865